000 00674nam a2200205Ii 4500
003 JO-AjNU
008 230605s9999||||xx |||||||||||||| ||und||
040 _aJO-AjNU
_bara
_erda
_cJO-AjNU
041 _aara
050 1 4 _aLB1051.S52 2008
100 3 _aسعيد،سعاد جابر,
_eauthor
_931128
245 0 0 _aعلم النفس التربوي
250 _aط1
264 3 1 _aإربد:عالم الكتب الحديث،2008/عمان:جدارا للكتاب العالمي،2008
300 _a505ص
336 _atext
_btxt
_2rdacontent
337 _aunmediated
_bn
_2rdamedia
338 _avolume
_bnc
_2rdacarrier
650 4 _a علم النفس التربوي
_931129
999 _aA12417
_c15985
_d15985